| 000 | 00523nam a2200181 i 4500 | ||
|---|---|---|---|
| 001 | 78059 | ||
| 003 | ES-MaACL | ||
| 005 | 20230906173525.0 | ||
| 007 | t| | ||
| 008 | 041011s1970 xxu ||||1| eng d | ||
| 245 | 0 | 0 |
_aHandbook of materials and processes for electronics / _cCharles A. Harper, ed. |
| 260 |
_aNew York : _bMcGraw-Hill, _c[1970] |
||
| 300 |
_a1 v. (pag. var.) ; _c24 cm. |
||
| 500 | _aIndice. | ||
| 504 | _aBibliografía. | ||
| 700 | 1 |
_aHarper, Charles A. _961880 |
|
| 852 |
_aES-MaACL _jL-11412 _bR.113364 |
||
| 999 |
_c78059 _d78059 |
||